Operation clarification: A study of school budgeting, district organization and earthquake safety (Record no. 1358051)

MARC details
000 -LEADER
fixed length control field 00651nam a2200193Ia 4500
005 - DATE AND TIME OF LATEST TRANSACTION
control field 20250508155605.0
008 - FIXED-LENGTH DATA ELEMENTS--GENERAL INFORMATION
fixed length control field 008 250505s9999 xx 000 0 eng d
037 ## - SOURCE OF ACQUISITION
Stock number Textual
040 ## - CATALOGING SOURCE
Original cataloging agency FEDL
Language of cataloging eng
Transcribing agency FEDL
041 ## - LANGUAGE CODE
Language code of text/sound track or separate title eng
Source of code eng
084 ## - COLON CLASSIFICATION NUMBER
Classification number 379.11, ASS
Assigning agency FEDL
245 #0 - TITLE STATEMENT
Title Operation clarification: A study of school budgeting, district organization and earthquake safety
245 #2 - TITLE STATEMENT
Statement of responsibility, etc. A Report of the Subcommittee on School Efficiency and Economy
260 ## - PUBLICATION, DISTRIBUTION, ETC.
Date of publication, distribution, etc. 1967
300 ## - PHYSICAL DESCRIPTION
Extent 104p.
546 ## - LANGUAGE NOTE
Language note Assembly interim committee reports Vol 10 1965-1967 Number 22
942 ## - ADDED ENTRY ELEMENTS (KOHA)
Koha item type Textual
Classification part 379.11, ASS
Holdings
Withdrawn status Lost status Damaged status Not for loan Home library Current library Date acquired Total Checkouts Full call number Barcode Date last seen Price effective from Koha item type
        Department of Education Library Department of Education Library 2025-05-08   379.11, ASS EL0043364 2025-05-08 2025-05-08 Textual
Copyright @ Delhi University Library System